000 00450nam a2200181Ia 4500
003 GCL
008 140319s9999 xx 000 0 eng d
040 _aGCL /
_cGCL
082 0 4 _a152.4
_bE N
100 1 _aEKMAN, PAUL
245 1 0 _aTHE NATURE OF EMOTION /
_cEKMAN, PAUL
700 1 _aDAVIDSON RICHARD
260 _a[S.N] :
_bOXFORD UNIVERSITY PRESS ،
_c1994
300 _a496 P
650 0 4 _aEMOTIONS
650 0 4 _aSICOLOGY
942 _2ddc
_cBK
999 _c11150
_d11150